000 00583nam a2200181Ia 4500
008 151018s9999 xx 000 0 und d
082 _bRBASDV50304
_a891.434
100 _aबी आर आंबेडकर
245 _aआंबेडकर कहा था
250 _b1
260 _bआरोग्य निधी
_c2009
300 _a166
600 _aबी आर आंबेडकर
630 _aआंबेडकर कहा था
700 _aबी आर आंबेडकर
730 _aआंबेडकर कहा था
942 _cBOOK
999 _c1049278
_d1049275